000 00800cab a2200277 4500
001 ABS49065
008 090401t1993 xxu||||| |||| 00| 0 eng d
035 _a(Sirsi) u69734
041 _aeng
100 _aPartridge, C.
245 _aNew rating appeal regulations
260 _c1993
350 _a0
490 _aSurveying Technician
_v21(3) July 1993, 14(1)
520 _aIdentifies changes to the Rating Appeal Regulations introduced in April 1993.
650 _aAPPEALS
650 _aBUSINESS RATES
650 _aCOMPLETION NOTICE DECISIONS
650 _aDEEMED APPEALS
650 _aNON-DOMESTIC RATING (ALTERATION AND APPEAL) REGULATIONS
650 _aNOTICES OF ALTERATION
650 _aSI 1993:291
690 _aRATING AND VALUATION
942 _n0
948 _c04/03/1997
999 _c43829
_d43829